| 000 | 00000nam##2200000za#4500 |
| 001 | 9.608209 |
| 003 | CaOODSP |
| 005 | 20210624213519 |
| 007 | cr ||||||||||| |
| 008 | 150406|2005||||xxc|||||o f|0| 0 fre|d |
| 040 | |aCaOODSP|bfre |
| 043 | |an-cn--- |
| 086 | 1 |aSC102-2/19-2005F-MP3 |
| 110 | 2 |aÉcole de la fonction publique du Canada. |
| 245 | 10|aÉvaluer des choses. Fichier audio |h[ressource électronique] |
| 246 | 1 |iTitre additionnel (dans la publication) : |aAuto-évaluation - Activités orales : Objectif de formation 19 |
| 260 | |aOttawa - Ontario : |bÉcole de la fonction publique du Canada |
| 300 | |aDurée : 01:17:12 |
| 490 | 1 |aProgramme de français langue seconde - Niveaux A et B. Fichier audio |vObjectif de formation 19, 2005 |
| 500 | |aTitre de l'édition imprimée et du catalogueur. Fichiers audio qui accompagnent la version imprimée (SC102-2/19-2005F) et électronique (SC102-2/19-2005F-PDF) de ce titre. Comprend des activités de mise en train et de performance d'auto-évaluation orale. |
| 590 | |a15-01-Supp|b2015-01-26 |
| 590 | |a14-52-Supp|b2014-08-22 |
| 830 | #0|aProgramme de français langue seconde - Niveaux A et B. Fichier audio ;|vObjectif de formation 19, 2005|w(CaOODSP)9.504304 |
| 856 | 40|ahttp://publications.gc.ca|qMP3|s3173 Ko|uhttps://publications.gc.ca/collections/collection_2015/efpc-csps/SC102-2-19-2p-2005-fra.mp3 |
| 856 | 40|ahttp://publications.gc.ca|qMP3|s7738 Ko|uhttps://publications.gc.ca/collections/collection_2015/efpc-csps/SC102-2-19-3m-2005-fra.mp3 |
| 856 | 40|ahttp://publications.gc.ca|qMP3|s12,571 Ko|uhttps://publications.gc.ca/collections/collection_2015/efpc-csps/SC102-2-19-1m-2005-fra.mp3 |
| 856 | 40|ahttp://publications.gc.ca|qMP3|s4427 Ko|uhttps://publications.gc.ca/collections/collection_2015/efpc-csps/SC102-2-19-1p-2005-fra.mp3 |
| 856 | 40|ahttp://publications.gc.ca|qMP3|s8648 Ko|uhttps://publications.gc.ca/collections/collection_2015/efpc-csps/SC102-2-19-2m-2005-fra.mp3 |
| 856 | 40|ahttp://publications.gc.ca|qMP3|s5.35 Mo|uhttps://publications.gc.ca/collections/collection_2015/efpc-csps/SC102-2-19-34-2005-fra.mp3 |
| 856 | 40|ahttp://publications.gc.ca|qMP3|s2.95 Mo|uhttps://publications.gc.ca/collections/collection_2015/efpc-csps/SC102-2-19-59-2005-fra.mp3 |
| 856 | 40|ahttp://publications.gc.ca|qMP3|s5.79 Mo|uhttps://publications.gc.ca/collections/collection_2015/efpc-csps/SC102-2-19-66-2005-fra.mp3 |
| 856 | 40|ahttp://publications.gc.ca|qMP3|s2.23 Mo|uhttps://publications.gc.ca/collections/collection_2015/efpc-csps/SC102-2-19-43-2005-fra.mp3 |
| 856 | 40|ahttp://publications.gc.ca|qMP3|s2.71 Mo|uhttps://publications.gc.ca/collections/collection_2015/efpc-csps/SC102-2-19-46-2005-fra.mp3 |
| 856 | 40|ahttp://publications.gc.ca|qMP3|s1.34 Mo|uhttps://publications.gc.ca/collections/collection_2015/efpc-csps/SC102-2-19-44-2005-fra.mp3 |
| 856 | 40|ahttp://publications.gc.ca|qMP3|s4.16 Mo|uhttps://publications.gc.ca/collections/collection_2015/efpc-csps/SC102-2-19-62-2005-fra.mp3 |
| 856 | 40|ahttp://publications.gc.ca|qMP3|s5.89 Mo|uhttps://publications.gc.ca/collections/collection_2015/efpc-csps/SC102-2-19-61-2005-fra.mp3 |
| 856 | 40|ahttp://publications.gc.ca|qMP3|s5,52 Mo|uhttps://publications.gc.ca/collections/collection_2015/efpc-csps/SC102-2-19-16-2005-fra.mp3 |
| 856 | 40|ahttp://publications.gc.ca|qMP3|s3.05 Mo|uhttps://publications.gc.ca/collections/collection_2015/efpc-csps/SC102-2-19-9-2005-fra.mp3 |
| 856 | 40|ahttp://publications.gc.ca|qMP3|s1.32 Mo|uhttps://publications.gc.ca/collections/collection_2015/efpc-csps/SC102-2-19-72-2005-fra.mp3 |
| 856 | 40|ahttp://publications.gc.ca|qMP3|s4.92 Mo|uhttps://publications.gc.ca/collections/collection_2015/efpc-csps/SC102-2-19-60-2005-fra.mp3 |
| 856 | 40|ahttp://publications.gc.ca|qMP3|s2.35 Mo|uhttps://publications.gc.ca/collections/collection_2015/efpc-csps/SC102-2-19-73-2005-fra.mp3 |
| 856 | 40|ahttp://publications.gc.ca|qMP3|s5.66 Mo|uhttps://publications.gc.ca/collections/collection_2015/efpc-csps/SC102-2-19-31-2005-fra.mp3 |
| 856 | 40|ahttp://publications.gc.ca|qMP3|s10.5 Mo|uhttps://publications.gc.ca/collections/collection_2015/efpc-csps/SC102-2-19-12-2005-fra.mp3 |
| 856 | 40|ahttp://publications.gc.ca|qMP3|s2.64 Mo|uhttps://publications.gc.ca/collections/collection_2015/efpc-csps/SC102-2-19-45-2005-fra.mp3 |
| 856 | 40|ahttp://publications.gc.ca|qMP3|s7.73 Mo|uhttps://publications.gc.ca/collections/collection_2015/efpc-csps/SC102-2-19-33-2005-fra.mp3 |
| 856 | 40|ahttp://publications.gc.ca|qMP3|s5.07 Mo|uhttps://publications.gc.ca/collections/collection_2015/efpc-csps/SC102-2-19-58-2005-fra.mp3 |
| 856 | 40|ahttp://publications.gc.ca|qMP3|s2.80 Mo|uhttps://publications.gc.ca/collections/collection_2015/efpc-csps/SC102-2-19-47-2005-fra.mp3 |
| 856 | 40|ahttp://publications.gc.ca|qMP3|s6.15 Mo|uhttps://publications.gc.ca/collections/collection_2015/efpc-csps/SC102-2-19-32-2005-fra.mp3 |
| 856 | 40|ahttp://publications.gc.ca|qMP3|s11.1 Mo|uhttps://publications.gc.ca/collections/collection_2015/efpc-csps/SC102-2-19-52-2005-fra.mp3 |
| 856 | 40|ahttp://publications.gc.ca|qMP3|s1.98 Mo|uhttps://publications.gc.ca/collections/collection_2015/efpc-csps/SC102-2-19-4-2005-fra.mp3 |
| 856 | 40|ahttp://publications.gc.ca|qMP3|s2763 Ko|uhttps://publications.gc.ca/collections/collection_2015/efpc-csps/SC102-2-19-3p-2005-fra.mp3|yObjectif de formation 19, 2005 |